00679nam a2200193Ia 4500008004100000020001400041082001400055100001600069245010100085250000700186260003600193300002800229500001900257600002100276650005000297942000700347952011400354999001700468240925s9999 xx 000 0 und d a849313856 a006.3 KON aKonar, Amit 0aArtificial Intelligence and Soft Computing: behavioral and cognitive modeling of the human brain aNA aNew York:bMc Graw HIllc,2000. axiv,357p.bNAfOriginal aIncludes Index aComputer Science aComputer science, information & general works cBK 001040708CSaUITUbUITUd2009-05-18eNAg2069.60l0o006.3 KONpQ7950r2024-09-25 07:14:47w2024-09-25yBK c10449d10449